000 00587nam a22001697a 4500
999 _c372160
_d372160
008 230120b ||||| |||| 00| 0 eng d
040 _aDE-2950
_cDE-2950
041 _ager
100 _aNagel, Barbara:
245 _aIst es die Luft, die klingt, oder ist es das eigene Herz.
_bZweite Malwanderung diesseits und jenseits der Oder /
_cBarbara Nagel ; Gisela Neumann
260 _bAtelier im Oderbruch
_c1997
300 _a61 Seiten.
_bMit dreißig Pastellen und Aquarellen und Texten der Malerinnen.
653 _aOderbruch
653 _aAquarelle
653 _aLyrik
942 _2z
_cB